| 000 | 01032nam a2200289 i 4500 | ||
|---|---|---|---|
| 001 | bg | ||
| 100 | 1 | _aHELFERT, Erich A. | |
| 245 | 1 | 0 |
_aTechniki analizy finansowej / _cErich A. Helfert ; tł. Jarosław Sawicki. |
| 246 |
_iTyt. oryg.: _aTechniques of financial analysis : a guide to value creation |
||
| 260 |
_aWarszawa : _bPolskie Wydaw. Ekonomiczne, _c2004. |
||
| 300 |
_a639 s. : _bil. ; _c24 cm. |
||
| 500 | _aTyt. oryg.: "Techniques of financial analysis : a guide to value creation" 2003. | ||
| 504 | _aBibliogr. przy rozdz. Indeks. | ||
| 521 | _aPodręcznik akademicki. | ||
| 650 | 9 |
_aPrzedsiębiorstwo _xfinanse _xbadanie |
|
| 650 | 9 | _aRachunkowość | |
| 655 | _aPodręczniki akademickie | ||
| 700 | 1 |
_aSAWICKI, Jarosław. _eTł. |
|
| 020 | _a8320814790 | ||
| 040 | _cBPK | ||
| 041 | 1 |
_apol _heng |
|
| 080 | _a658.14/.17:657](075.8) | ||
| 920 | _a83-208-1479-0 | ||
| 942 | _cKS | ||
| 008 | s pl f |000 0 pol | ||
| 999 |
_c43773 _d43773 |
||
| 856 |
_uhttp://koha.tu.koszalin.pl/cgi-bin/koha/opac-detail.pl?biblionumber=43773 _yKatalog online BPK |
||